Financial Analysis Auditing & Governance (Record no. 6265)

MARC details
005 - DATE AND TIME OF LATEST TRANSACTION
control field 20250629104247.0
020 ## - INTERNATIONAL STANDARD BOOK NUMBER
International Standard Book Number 978-9987-9363-3-5
082 ## - DEWEY DECIMAL CLASSIFICATION NUMBER
Classification number 657.45 BUS
100 ## - MAIN ENTRY--PERSONAL NAME
Author name BUSARA, E
245 ## - TITLE STATEMENT
Title Financial Analysis Auditing & Governance
260 ## - PUBLICATION, DISTRIBUTION, ETC.
Place of publication, distribution, etc. Dar Es Salaam
Name of publisher, distributor, etc. WAPO Press
Date of publication, distribution, etc. 2012.
300 ## - PHYSICAL DESCRIPTION
Extent xiv,309p.: ill.; figures, pictures
Other physical details References, Index
Dimensions 20cm
942 ## - ADDED ENTRY ELEMENTS (KOHA)
Source of classification or shelving scheme Dewey Decimal Classification
Koha item type Books
Holdings
Date last seen Total checkouts Full call number Barcode Cost, replacement price Price effective from Koha item type Lost status Source of classification or shelving scheme Damaged status Not for loan Withdrawn status Home library Current library Shelving location Date acquired Source of acquisition Cost, normal purchase price
06/29/2025   657.45 BUS MZA0002815 90000.00 06/29/2025 Books   Dewey Decimal Classification       CBE Mwanza CBE Mwanza Special Reserve Collection 06/13/2019 Library Budget 30000.00
06/29/2025   657.45 BUS MZA0002816 90000.00 06/29/2025 Books   Dewey Decimal Classification       CBE Mwanza CBE Mwanza Special Reserve Collection 06/13/2019 Library Budget 30000.00
06/29/2025   657.45 BUS MZA0002817 90000.00 06/29/2025 Books   Dewey Decimal Classification       CBE Mwanza CBE Mwanza Special Reserve Collection 06/13/2019 Library Budget 30000.00
06/29/2025   657.45 BUS MZA0002818 90000.00 06/29/2025 Books   Dewey Decimal Classification       CBE Mwanza CBE Mwanza Special Reserve Collection 06/13/2019 Library Budget 30000.00
06/29/2025   657.45 BUS MZA0002819 90000.00 06/29/2025 Books   Dewey Decimal Classification       CBE Mwanza CBE Mwanza Special Reserve Collection 06/13/2019 Library Budget 30000.00